00230nam a2200085Ia 4500008004100000082001600041100002100057245004600078300002000124230907s9999||||xx |||||||||||||| ||und|| a621.47bBLA aBlazev, Anco S., 0aSolar technologies for the 21st century / axi, 713 pages :